NFL 2025-2026 Season Leaders - Statistics

General Stats
  • This quiz has been taken 554 times
  • The average score is 16 of 20
Answer Stats
Players % Correct
Pass Yards Matthew Stafford
98%
TD's Davante Adams/Josh Allen/Josh Jacobs/James Cook III
95%
Pass Yards Drake Maye
95%
Rec yards Puka Nacua
92%
Rec Yards Jaxson Smith-Njigba/JSN
91%
Rush Yards James Cook III
83%
Rec yards Ja'Marr Chase
82%
Rush Yards Jonathan Taylor
82%
TD's Jonathan Taylor
82%
Pass Yards Dak Prescott
80%
Pass Yards Sam Darnold
79%
Rush Yards Derrick Henry
77%
TD's Derrick Henry
77%
Rush Yards Bijan Robinson
74%
Pass Yards Jared Goff
74%
TD's Christian McCaffrey
73%
Rec yards George Pickens
73%
Rec yards Amon-Ra St. Brown
69%
TD's Jahmyr Gibbs
68%
Rush Yards Devon Achane
53%
No matching quizzes found
Score Distribution
Percent of People with Each Score
Percentile by Number Answered
Your Score History
You have not taken this quiz